Statistics for Top 5 Most Famous by First Name: A

Click here to take the quiz!

General Stats

  • This quiz has been taken 28 times
  • The average score is 10 of 50

Answer Stats

First NameLast NameHintYears Alive% Correct
AmeliaEarhartAviation Pioneer / Author1897-1937
88%
Alexanderthe GreatKing356 BC - 323 BC
73%
AmyWinehouseSinger / Songwriter1983-2011
65%
ArchieMountbatten-WindsorRoyal Child2019-
50%
AlexTrebekGame Show Host / TV Personality1940-2020
46%
AvaGardnerActress / Singer1922-1990
42%
AlexanderHamiltonStatesman / Politician / Legal Scholar / Military Commander / Lawyer / Banker / Economist1755 or 1757 - 1804
38%
AlexJonesRadio Show Host / Conspiracy Theorist1974-
35%
AaronRodgersQuarterback1983-
35%
AlexanderII of RussiaEmperor / King / Grand Duke1818-1881
31%
AnnaKournikovaTennis Player / TV Personality1981-
31%
AmyConey BarrettJudge1972-
27%
AnnaKendrickActress / Singer1985-
27%
AnnaNicole SmithModel / Actress / TV Personality1967-2007
27%
AmyPoehlerActress / Comedian / Writer / Producer / Director1971-
27%
AaronSorkinScreenwriter / Director / Producer / Playwright1961-
27%
AliceWaltonHeiress to the Fortune of Wal-Mart1949-
27%
AmyAdamsActress1974-
23%
AaronBurrPolitician / Lawyer1756-1836
23%
AliceCooperSinger / Songwriter / Actor1948-
23%
AaronHernandezTight End / Murderer1989-2017
23%
AlfieDeyesVlogger / Businessman1993-
19%
AvaMaxSinger / Songwriter1994-
19%
AlexRodriguezBaseball Player / Businessman / Philanthropist1975-
19%
AliceWalkerNovelist / Short Story Writer / Poet / Social Activist1944-
15%
AnnaWintourJournalist1949-
15%
AlfieAllenActor1986-
12%
AlfieBoeTenor / Actor1973-
12%
AvaDuVernayFilmmaker1972-
12%
AlfieBassActor1916-1987
8%
AliceEveActress1982-
8%
AlexanderI of RussiaEmperor / King / Grand Duke1777-1825
8%
AmyKlobucharLawyer / Politician1960-
8%
AmeliaBenceActress1914-2016
4%
AmeliaBullmoreActress / Screenwriter / Playwright1964-
4%
AnnaFarisActress / Producer / Podcaster / Author1976-
4%
AmeliaLilySinger / TV Personality1994-
4%
ArchieMacLarenCricketer1871-1944
4%
AlfieMawsonFootballer1994-
4%
ArchieMooreBoxer1913-1998
4%
AlexanderPushkinPoet / Playwright / Novelist1799-1837
4%
ArchieRoachMusician1956-
4%
AaronSwartzComputer Programmer / Entrepreneur / Writer / Political Organizer / Hacktivist1986-2013
4%
AmeliaWarnerMusician / Composer1982-
4%
AliceEvansActress1971-
0%
AvaKolkerChild Actress2006-
0%
AvaMichelleActress / Dancer / Singer / Model2002-
0%
AlexSalmondPolitician1954-
0%
AlexTeixeiraFootballer1990-
0%
ArchieThompsonFootballer1978-
0%

Score Distribution

Percentile by Number Answered

Percent of People with Each Score

Your Score History

You have not taken this quiz